LEADER 02094nam 2200481 450 001 9910467045603321 005 20200520144314.0 010 $a1-60491-647-8 035 $a(CKB)3710000001391028 035 $a(MiAaPQ)EBC4861105 035 $a(CaSebORM)9781604916478 035 $a(Au-PeEL)EBL4861105 035 $a(CaPaEBR)ebr11398201 035 $a(OCoLC)990619316 035 $a(EXLCZ)993710000001391028 100 $a20170712h20172017 uy 0 101 0 $aeng 135 $aurcnu|||||||| 181 $2rdacontent 182 $2rdamedia 183 $2rdacarrier 200 00$aEvaluating the impact of leadership development /$fTracy E. Patterson [and four others] 205 $aSecond edition. 210 1$aGreensboro, North Carolina :$cCenter for Creative Leadership,$d2017. 210 4$dİ2017 215 $a1 online resource (121 pages) 311 $a1-60491-646-X 320 $aIncludes bibliographical references. 330 $aDriving impact while managing resources are what most organizations strive to balance in their leadership-development efforts. Evaluation provides a practical framework for gathering and making sense of information to better manage resources while assessing the success of leadership-development efforts. This second edition of Evaluating the Impact of Leadership Development is a practical guide for human-resource professionals, consultants, managers, employees, and volunteers who have leadership-development or evaluation responsibilities in their organizations and want to enhance their practice and demonstrate the value of their work. 606 $aLeadership$xEvaluation 606 $aExecutives$xTraining of$xEvaluation 608 $aElectronic books. 615 0$aLeadership$xEvaluation. 615 0$aExecutives$xTraining of$xEvaluation. 676 $a658.4/092 702 $aPatterson$b Tracy E.$f1956- 801 0$bMiAaPQ 801 1$bMiAaPQ 801 2$bMiAaPQ 906 $aBOOK 912 $a9910467045603321 996 $aEvaluating the impact of leadership development$92059957 997 $aUNINA LEADER 02854oam 2200757I 450 001 9910966086603321 005 20251117082719.0 010 $a1-317-03609-3 010 $a1-317-03610-7 010 $a1-315-61541-X 010 $a1-283-08990-4 010 $a9786613089908 010 $a1-4094-1669-0 024 7 $a10.4324/9781315615417 035 $a(CKB)2550000000032148 035 $a(SSID)ssj0000648663 035 $a(PQKBManifestationID)12251758 035 $a(PQKBTitleCode)TC0000648663 035 $a(PQKBWorkID)10598023 035 $a(PQKB)11008159 035 $a(MiAaPQ)EBC2004682 035 $a(Au-PeEL)EBL2004682 035 $a(CaPaEBR)ebr10462187 035 $a(CaONFJC)MIL308990 035 $a(OCoLC)824103237 035 $a(OCoLC)992313984 035 $a(BIP)75760975 035 $a(BIP)32244246 035 $a(EXLCZ)992550000000032148 100 $a20180706e20161929 uy 0 101 0 $aeng 135 $aurcn||||||||| 181 $ctxt 182 $cc 183 $acr 200 04$aThe desert route to India $ebeing the journals of four travellers by the great desert caravan route between Aleppo and Basra, 1745-1751 /$fedited by Douglas Carruthers 210 1$aLondon :$cRoutledge,$d2016. 215 $a1 v. (various pagings) $cill., maps 225 1 $aWorks issued by the Hakluyt Society ;$v2nd ser., no. 63 300 $aFirst published by Ashgate Publishing. 311 08$a1-4094-1430-2 320 $aIncludes bibliographical references and index. 327 $aA journey from Aleppo to Basra in 1745 / William Beawes -- A journey from Basra to Aleppo in 1748 / Gaylard Roberts -- A similar journey in 1750 / Bartholomew Plaisted -- A journey from Aleppo to Basra in 1751 / John Carmichael. 330 $aThe journals of William Beawes, Gaylard Roberts, Bartholomew Plaisted, and John Carmichael. This is a new print-on-demand hardback edition of the volume first published in 1929. 410 0$aWorks issued by the Hakluyt Society ;$v2nd ser., no. 63. 606 $aMiddle East$xDescription and travel$yEarly works to 1800 606 $aTrade routes$zAsia$xHistory 607 $aSyria$xDescription and travel 607 $aIraq$xDescription and travel 607 $aTurkey$xDescription and travel 615 0$aMiddle East$xDescription and travel 615 0$aTrade routes$xHistory. 676 $a915.043 701 $aBeawes$b William$01869095 701 $aCarmichael$b John$0456241 701 $aCarruthers$b Douglas$f1882-1962.$01869096 701 $aPlaisted$b Bartholomew$f-1767.$01869097 701 $aRoberts$b Gaylard$01869098 712 02$aHakluyt Society. 801 0$bMiAaPQ 801 1$bMiAaPQ 801 2$bMiAaPQ 906 $aBOOK 912 $a9910966086603321 996 $aThe desert route to India$94477285 997 $aUNINA